000
00292nam a22001337a 4500
007
0023090502
008
170403b xxu||||| |||| 00| 0 eng d
041
_a
eng
080
_a
574
100
_a
9
101
_a
SHM
245
_a
CONTEMPORARY URBAN ECOLOGY
_c
BERRY, B.J.L
942
_2
udc
_c
BK
999
_c
9483
_d
9483